Central Library OPAC University of Rajshahi

The theory of international trade : (Record no. 50328)

MARC details
000 -LEADER
fixed length control field 01285nam a2200313 a 4500
001 - CONTROL NUMBER
control field 50328
003 - CONTROL NUMBER IDENTIFIER
rucl marc code BD-RjUL
005 - DATE AND TIME OF LATEST TRANSACTION
control field 20211209075507.0
008 - FIXED-LENGTH DATA ELEMENTS--GENERAL INFORMATION
fixed length control field 160824m19331961enk 001 0 eng
020 ## - INTERNATIONAL STANDARD BOOK NUMBER
International Standard Book Number (BD-RjUL)50448
040 ## - CATALOGING SOURCE
Original cataloging agency DLC
Description conventions rda
Transcribing agency WSU
Modifying agency OCL
-- SER
-- m.c
-- UkOxU
-- BD-RjUL
Language of cataloging BD-RjUL
041 1# - LANGUAGE CODE
Language code of text/sound track or separate title eng
Language code of original ger
082 ## - DEWEY DECIMAL CLASSIFICATION NUMBER
Edition number 23
Classification number 382
Author mark and year HAT 1961
100 1# - MAIN ENTRY--PERSONAL NAME
Personal name Haberler, Gottfried,
Dates associated with a name 1900-1995,
9 (RLIN) 138190
245 14 - TITLE STATEMENT
Title The theory of international trade :
Remainder of title with its applications to commercial policy /
Statement of responsibility, etc. by Gottfried von Haberler ; translated from the German by Alfred Stonier and Frederic Benham.
260 ## - PUBLICATION, DISTRIBUTION, ETC. (IMPRINT)
Place of publication, distribution, etc. London :
Name of publisher, distributor, etc. W. Dodge & Company, Limited,
Date of publication, distribution, etc. 1933, [8th impression 1961]
300 ## - PHYSICAL DESCRIPTION
Pagination xv, 408 pages ;
Size 26 cm.
500 ## - GENERAL NOTE
General note "German edition, 1933; English translation (revised by the author), 1936."
General note Translation of: Der internationale Handel.
General note Includes bibliographical references and index.
650 #0 - SUBJECT ADDED ENTRY--TOPICAL TERM
Topical term or geographic name as entry element International trade.
9 (RLIN) 150821
Topical term or geographic name as entry element Commerce.
9 (RLIN) 150822
Topical term or geographic name as entry element Commercial policy.
9 (RLIN) 150823
Topical term or geographic name as entry element Foreign exchange.
9 (RLIN) 150824
700 1# - ADDED ENTRY--PERSONAL NAME
Personal name Stonier, Alfred W.
Fuller form of name (Alfred William),
Dates associated with a name 1905-
Relator term translator.
Personal name Benham, Frederic,
Dates associated with a name 1900-1962,
Relator term translator.
942 ## - ADDED ENTRY ELEMENTS (KOHA)
Source of classification or shelving scheme Dewey Decimal Classification
Koha item type Books
Holdings
Lost status Source of classification or shelving scheme Damaged status Not for loan Collection code Permanent Location Current Location Shelving location Date acquired Source of acquisition Cost, normal purchase price Total Checkouts Full call number Date last seen Copy number Koha item type
  Dewey Decimal Classification     Non-fiction Central Library, University of Rajshahi Central Library, University of Rajshahi   16/03/1963 Zeitlinger 30.00   382 HAT 1961 24/08/2016 C-2 Books
  Dewey Decimal Classification     Non-fiction Central Library, University of Rajshahi Central Library, University of Rajshahi   16/03/1963 Zeitlinger 30.00   382 HAT 1961 24/08/2016 C-3 Books
  Dewey Decimal Classification     Non-fiction Central Library, University of Rajshahi Central Library, University of Rajshahi   04/04/1956 pub.united ltd 24.60   382 HAT 1961 28/08/2016 C-4 Books
  Dewey Decimal Classification   Not For Loan Non-fiction Central Library, University of Rajshahi Central Library, University of Rajshahi Reading Room 09/03/1956 Pub. United Ltd. 24.00   382 HAT 1961 25/01/2017 C-1 Books